3 VERITÀ, 1 BUGIA: personaggi del medioevo - Statistics

Statistiche generali
  • Questo quiz è stato fatto 62 volte
  • Il punteggio medio è 3 su 7
Statistiche sulle risposte
Domanda Risposta % Corretto
3 verità, 1 bugia Edoardo il Largo
80%
3 verità, 1 bugia Baldassarre il Rotto
56%
3 verità, 1 bugia Bracco di Banco
35%
3 verità, 1 bugia Sinibaldo da Taranto
35%
3 verità, 1 bugia Baldassarre il Senza Popolo
25%
3 verità, 1 bugia Ciacco Cenci
15%
3 verità, 1 bugia Guido della Castagna
11%
Nessun quiz corrispondente trovato
Distribuzione punteggi
Percentuale di utenti per punteggio
Percentile per numero di risposta
I tuoi punteggi nel tempo
Non hai fatto questo quiz